000 00707nam a2200241Ia 4500
003 OSt
005 20220925235221.0
006 a|||||r|||| 00| 0
007 ta
008 220923b |||||||| |||| 00| 0 eng d
037 _cGeneral Book
040 _aRTL
_cRTL
_beng
041 _2eng
_aeng
082 _aU672(JB).252.N8, M7
100 _aSingh A K & others
_9301084
245 0 _aForest resource, economy and environment
260 _a New Delhi
_bConcept Publishing India
_c1987
300 _axiv,124p.
_ccm.
500 _aBib p. 118-20
650 _aAgricultural Geography
942 _hU672(JB).252.N8, M7
_cGB
_2CC
999 _c596976
_d596976